Vista normal
Vista MARC
Entrada Término temático
Número de registros utilizados en: 1
001 - NÚMERO DE CONTROL
- campo de control: 89894
003 - IDENTIFICADOR DEL NÚMERO DE CONTROL
- campo de control: DO-SdBNP
005 - FECHA Y HORA DE LA ÚLTIMA TRANSACCIÓN
- campo de control: 20260606195813.0
008 - DATOS DE LONGITUD FIJA
- campo de control de longitud fija: 260606|| aza||aabn | a|a d
040 ## - FUENTE DE LA CATALOGACIÓN
- Centro catalogador/agencia de origen: DO-SdBNP
- Centro/agencia transcriptor: DO-SdBNP
150 ## - ENCABEZAMIENTO--TÉRMINO DE MATERIA
- Término de materia o nombre geográfico como elemento de entrada: Petroglifos
- Subdivisión general: Congresos, conferencias, etc.
- Subdivisión geográfica: Caribe (Región)
670 ## - FUENTE DE DATOS ENCONTRADOS
- Cita de la fuente: Work cat.: (DO-SdBNP)26431: VIII simposium internacional de arte rupestre americano (8vo : 1987 jun. 8-13 : Santo Domingo) 54037, Actas del VIII simposium internacional de arte rupestre americano = Proceedings of the VIII international symposium of american rock art /
